Statistics for EU Countries - Map Quiz

Click here to take the quiz!

General Stats

  • This quiz has been taken 63 times
  • The average score is 24 of 27

Answers on the Map

Answers color-coded by a green-red scale on the quiz's map according to % correct below.
 

Answer Stats

Answer% Correct
Germany
96%
Finland
93%
Ireland
93%
Italy
93%
Portugal
93%
Spain
93%
Sweden
93%
Austria
91%
Belgium
91%
Czech Republic
91%
Hungary
91%
Lithuania
91%
Malta
91%
Netherlands
91%
Poland
91%
Cyprus
89%
Denmark
89%
France
89%
Greece
89%
Luxembourg
89%
Slovakia
89%
Croatia
87%
Romania
87%
Estonia
84%
Slovenia
84%
Bulgaria
82%
Latvia
82%

Score Distribution

Percentile by Number Answered

Percent of People with Each Score

Your Score History

You have not taken this quiz